LEADER 01465nam a2200349 a 4500 001 000000148872 003 CaOOAMICUS 005 20160127124713.0 008 160127s2013 it u000 u ita r 020 $a978-88-7578-368-6* 032 $aLibriCat 040 $aPUL$bita 041 1 $aita$hfre 082 04$a306.3 100 1 $aBourguignon, François.$0(OLS)http://pul/name/95001 240 10$aMondialisation de l'inégalité.$lItaliano.$0(OLS)http://pul/title/187728 245 13$aLa globalizzazione della disuguaglianza / $cFrançois Bourguignon ; traduzione di Chiara Perona. 260 $aTorino :$bCodice edizioni,$c©2013. 300 $aX, 104 p. ;$c18 cm. 490 1 $aTempi moderni 504 $aBibliografia in nota. 650 4$aGlobalizzazione (economia).$0(OLS)http://pul/subject/20545 700 1 $aPerona, Chiara.$0(OLS)http://pul/name/95002 830 0$aTempi moderni (Codice edizioni).$0(OLS)http://pul/title/187730 850 $aPUL 852 $aPUL$W1$xSL Diritto e Scienze Sociali 3$y79$m306. 3 BOUFR 1$j171580$qDDC 21$B173060$CPULBib$Z2$F173060 $H126848 $81 941 1 $a9 996 $6020$a978-88-7578-368-6*$9(OLS)http://pul/number/159429 996 $6082$a306.3$9(OLS)http://pul/classification/406 996 $6245$aLa globalizzazione della disuguaglianza / $9(OLS)http://pul/title/187729 996 $6260$aTorino :$bCodice edizioni$9(OLS)http://pul/publisher/81165 LEADER 01394nam a2200313 a 4500 001 000000161436 003 CaOOAMICUS 005 20170620140945.0 008 170620m20039999it u000 u ita r 020 $a88-88897-00-3 (set)* 032 $aLibriCat 040 $aPUL$bita 245 00$aVerso una costituzione europea :$batti del Convegno europeo di studio Roma 20-23 giugno 2002 /$ca cura di Leuzzi e C. Mirabelli. 260 $aLungro di Cosenza :$bMarco,$c©2003- 300 $av. ;$c21 cm. 490 1 $aLa galassia dei diritti ;$v09 504 $aBibliografia in nota. 651 4$aEuropa$xCostituzioni.$0(OLS)http://pul/subject/7133 700 1 $aLeuzzi, Lorenzo.$0(OLS)http://pul/name/34053 700 1 $aMirabelli, Cesare.$0(OLS)http://pul/name/26937 830 3$aLa galassia dei diritti ;$v09.$0(OLS)http://pul/title/201164 850 $aPUL 852 $aPUL$W1$xDP1 Fondo S. Lanza$y121$m11 A 68$j185401$bv. 2$qFondi$B188614$CPULBib$Z2$F188614 $H129864 $81 941 1 $a1 961 $aProvenienza: ufficio PUL del prof. Lanza. 996 $6020$a88-88897-00-3 (set)*$9(OLS)http://pul/number/162907 996 $6245$aVerso una costituzione europea :$batti del Convegno europeo di studio Roma 20-23 giugno 2002$9(OLS)http://pul/title/201163 996 $6260$aLungro di Cosenza :$bMarco$9(OLS)http://pul/publisher/79254 LEADER 01010naa a2200217 u 4500 001 000000095937 003 CaOOAMICUS 005 20070226130144.0 008 040715s1982 it u000 u eng u 020 $a8800851398 (v. 1) 035 $a11004556 040 $aIAR$bita 100 1 $aNovak, Michael,$d1933-2017.$0(OLS)http://pul/name/31524 245 11$a"E pluribus unum" :$bPerspectives of European common cultural action for unity in pluralism /$cMichael Novak. 260 $aFlorence :$bLe Monnier,$c1982. 300 $av.1, S. 245-252, ;$c21 cm 773 0 $aThe common Christian roots of the European nations.$gv. 1. 773 0 $tThe Common Christian roots of the European nations : an international colloquium in the Vatican$w()5837 996 $6020$a8800851398 (v. 1)$9(OLS)http://pul/number/7566 996 $6245$a"E pluribus unum" :$bPerspectives of European common cultural action for unity in pluralism$9(OLS)http://pul/title/122814 996 $6260$aFlorence :$bLe Monnier$9(OLS)http://pul/publisher/51024